书目信息 |
| 题名: |
王进喜
|
|
| 作者: | 孙宝苑 著 | |
| 分册: | ||
| 出版信息: | 长春 吉林文史出版社 2012 |
|
| 页数: | 126页 | |
| 开本: | 22cm | |
| 丛书名: | 《100位新中国成立以来感动中国人物》丛书 | |
| 单 册: | ||
| 中图分类: | K828.1=73 , K828.1 | |
| 科图分类: | ||
| 主题词: | ||
| 电子资源: | ||
| ISBN: | 978-7-5472-1378-0 | |
| 000 | 00894oam2 2200265 450 | |
| 001 | 2338791659 | |
| 005 | 20231129021231.35 | |
| 010 | @a978-7-5472-1378-0@dCNY29.80 | |
| 100 | @a20141209d2012 em y0chiy50 ea | |
| 101 | 0 | @achi |
| 102 | @aCN@b220000 | |
| 105 | @aa z 000yd | |
| 200 | 1 | @a王进喜@Awang jin xi@f孙宝苑著 |
| 210 | @a长春@c吉林文史出版社@d2012 | |
| 215 | @a126页@c照片@d22cm | |
| 225 | 2 | @@a《100位新中国成立以来感动中国人物》丛书 |
| 300 | @a国家出版基金项目 社会主义核心价值体系建设“双百”出版工程项目 | |
| 330 | @a本书介绍了铁人王进喜的生平事迹,内容包括:逼上寻油路、主人勇担当、会战当先锋、公仆树风范等。 | |
| 410 | 0 | @12001 @a《100位新中国成立以来感动中国人物》丛书 |
| 600 | 0 | @a王进喜@f(1923-1970)@x生平事迹 |
| 690 | @aK828.1=73@v5 | |
| 690 | @aK828.1@v4 | |
| 701 | 0 | @a孙宝苑@Asun bao yuan@4著 |
| 801 | 0 | @aCN@b91MARC@c20150426 |
| 905 | @aZUCC@dK828.1@e10 | |
| 王进喜/孙宝苑著.-长春:吉林文史出版社,2012 |
| 126页:照片;22cm.-(《100位新中国成立以来感动中国人物》丛书) |
| 国家出版基金项目 社会主义核心价值体系建设“双百”出版工程项目 |
| ISBN 978-7-5472-1378-0:CNY29.80 |
| 本书介绍了铁人王进喜的生平事迹,内容包括:逼上寻油路、主人勇担当、会战当先锋、公仆树风范等。 |
| ● |
| 相关链接 |
|
|
|
正题名:王进喜
索取号:K828.1/10
 
预约/预借
| 序号 | 登录号 | 条形码 | 馆藏地/架位号 | 状态 | 备注 |
| 1 | 2000999161 | 2000999161 | 第四书库/四31架A面6层2列/ [索取号:K828.1/10] | 在馆 | |
| 2 | 2000999162 | 2000999162 | 第四书库/四31架A面6层2列/ [索取号:K828.1/10] | 在馆 | |
| 3 | 2000999163 | 2000999163 | 第四书库/四31架A面6层2列/ [索取号:K828.1/10] | 在馆 | |
| 4 | 2000999164 | 2000999164 | 第四书库/四31架A面6层2列/ [索取号:K828.1/10] | 在馆 | |
| 5 | 2000999165 | 2000999165 | 第四书库/四31架A面6层2列/ [索取号:K828.1/10] | 在馆 | |
| 6 | 2000999166 | 2000999166 | 第四书库/四31架A面6层2列/ [索取号:K828.1/10] | 在馆 |